Paroles - Flou -Angèle - Statistiques

Statistiques générales
  • Ce quiz a été pris 681 fois
  • Le résultat moyen est 211 sur 262
Statistiques - réponses
Hint Réponse % Correct
de
99%
est
99%
flou
99%
tout
99%
[refrain] Tout
99%
devenu
98%
moi
97%
pour
97%
un
97%
peu
96%
trop
96%
à
95%
a
95%
la
94%
[pré-refrain] On
91%
on
91%
le
90%
ma
90%
comme
89%
et
89%
je
87%
les
87%
suite
85%
verra
85%
commencé
84%
commence
84%
Instagram
83%
par
83%
que
83%
[couplet 1] J'ai
82%
j'ai
82%
te
82%
ai
81%
c'est
81%
peur
81%
très
81%
dans
80%
du
80%
pas
80%
tu
80%
en
79%
j'en
79%
mais
79%
monde
79%
[couplet 2] Si
79%
programme
78%
tous
78%
vrai
78%
des
77%
fait
77%
mes
77%
première
77%
alors
76%
bon
76%
rien
76%
vite
76%
baby-sitter
75%
gens
75%
j'avais
75%
plus
75%
changé
74%
fou
74%
t'as
74%
trouve
74%
c'etait
73%
génial
73%
ils
73%
m'suivre
73%
reine
73%
connaît
72%
impression
72%
ont
72%
qu'une
72%
soirées
72%
bars
71%
même
71%
pression
71%
amis
70%
cool
70%
simple
70%
t'aiment
70%
vides
70%
ça
69%
concert
68%
petit
67%
rentrer
67%
surtout
67%
t'sens
67%
au
66%
enfin
66%
bien
64%
seul
64%
beaucoup
63%
ou
62%
va
59%
ensuite
55%
après
54%
être
54%
j'arrive
53%
angoisser
52%
durer
52%
mois
52%
quelques
52%
seulement
51%
déjà
50%
s'trouve
49%
crise
47%
oh
47%
peut-être
45%
voilà
42%
tête
41%
[pont] Perdre
40%
perdre
40%
enfer
38%
repères
37%
Aucun quiz correspondant
Distribution des résultats
% des personnes avec chaque résultat
Percentile par nombre de réponses
Votre historique - résultats
Vous n’avez pas pris ce quiz